| 000 | 01251nam a2200313 4500 | ||
|---|---|---|---|
| 003 | EC-UNACH | ||
| 006 | s||||gr|||| 00| 00 | ||
| 008 | 150116t9999 mx r gr 000 0 spa d | ||
| 020 | _a84-7901-539-X | ||
| 040 |
_aEC-UNACH _cEC-UNACH |
||
| 041 | _aspa | ||
| 082 | 0 | 4 |
_223 _a370.15 _bL017421 |
| 100 | _aKrammerer, Doro | ||
| 245 | _aCelos entre hermanos | ||
| 250 | _aPrimera Edición | ||
| 264 |
_aBarcelona _bRBA Libros S.A. _c2000 |
||
| 300 |
_a95 p. _bIlustraciones _c23 cm. |
||
| 500 | _aComo fomentar el amor entre los hermanos, en una etapa en la que las emociones de nuestros hijos pasan por una dura prueba en el camino hacia la madurez | ||
| 501 | _ason normales las rabietas y agresiones de un niño hacia su hermano, ¿Qué pueden hacer los padres para fomentar una relación de cariño entre hermanos | ||
| 504 | _aBibliografía | ||
| 505 | _aLa barriga va creciendo.- El trono se tambalea.- El pequeño empieza a valerse por si mismo.- Aprende a vivir.- No hay dos niños iguales.- Peleas de mucho cuidado | ||
| 650 | _aEMBARAZO | ||
| 650 | _aAMOR | ||
| 650 | _aSENTIMIENTOS | ||
| 942 |
_2ddc _c1 |
||
| 999 | _c14408 | ||